| 000 | 00878nam a2200217Ia 4500 | ||
|---|---|---|---|
| 003 | OSt | ||
| 005 | 20251219145039.0 | ||
| 008 | 221004b |||||||| |||| 00| 0 pan d | ||
| 020 | _a9788189735210 (hbk) | ||
| 037 | _cTB | ||
| 040 |
_aCRL _cCRL _bpan |
||
| 041 |
_2pan _apan |
||
| 084 |
_aO153,1:g N3;Q2 _qAL |
||
| 100 |
_aਗੁਮਟਾਲਾ, ਚਰਨਜੀਤ ਸਿੰਘ _9858067 |
||
| 245 | 0 | _aਪੰਜਾਬੀ ਕਿੱਸਾ ਕਾਵਿ ਦੀਆਂ ਕਥਾਨਕ ਰੂੜ੍ਹੀਆਂ | |
| 260 |
_aਲੁਧਿਆਣਾ _bਪੰਜਾਬੀ ਯੂਨੀਵਰਸਿਟੀ ਭਾਰਤ _c2012 |
||
| 300 |
_a240ਪੰ _ccm. |
||
| 650 |
_aਪੰਜਾਬੀ ਸਾਹਿਤ _9858068 |
||
| 942 |
_hO153,1:g, N3;Q2 _cTB _2cc _n0 |
||
| 999 |
_c1028324 _d1028324 |
||